[Event "Valasska Bystrice op"]
[Site "Valasska Bystrice"]
[Date "2023.09.16"]
[Round "9"]
[White "Miklas, Marian"]
[Black "Slizek, Josef"]
[Result "1/2-1/2"]
[WhiteElo "1959"]
[BlackElo "1775"]
[PlyCount "101"]
[EventDate "2023.09.09"]
[EventType "swiss"]
[EventRounds "9"]
[EventCountry "CZE"]
[SourceTitle "EXT 2024"]
[Source "ChessBase"]
[SourceDate "2023.10.10"]
[SourceVersion "1"]
[SourceVersionDate "2023.10.10"]
[SourceQuality "1"]

1. Nf3 d5 2. e3 e6 3. c4 c6 4. b3 f5 5. Bb2 Nf6 6. Be2 Bd6 7. 0-0 0-0 8. Nc3 Ne4 9. d3 Nf6 10. Rc1 Qe7 11. d4 Ne4 12. Ne5 Nd7 13. f4 b6 14. Nxc6 Qf6 15. cxd5 Nxc3 16. Rxc3 exd5 17. Bf3 Qe6 18. Ne5 Nf6 19. a3 Ba6 20. Be2 Bb7 21. Bd3 Rac8 22. Qb1 g6 23. Rfc1 Rxc3 24. Rxc3 Rc8 25. Rxc8+ Qxc8 26. Qc1 a6 27. Qxc8+ Bxc8 28. h3 Kg7 29. Kf2 Bb7 30. Be2 Kf8 31. Bf3 Ke7 32. Ke1 Nd7 33. Nc4 Bc7 34. a4 b5 35. Ba3+ Ke6 36. axb5 axb5 37. Ne5 Nb8 38. Nd3 Na6 39. Nc5+ Nxc5 40. dxc5 Ba5+ 41. b4 Bd8 42. Bb2 Bh4+ 43. Ke2 Bc6 44. g4 Be7 45. g5 Bf8 46. h4 Be8 47. Bf6 h5 48. Kd3 Bc6 49. Kd4 Ba8 50. Be5 Bc6 51. Be2 1/2-1/2

[Event "SVK-ch Seniors 65"]
[Site "Tatranske Matliare"]
[Date "2021.06.26"]
[Round "8"]
[White "Olvecky, Jaroslav"]
[Black "Miklas, Marian"]
[Result "0-1"]
[WhiteElo "1887"]
[BlackElo "2063"]
[PlyCount "54"]
[EventDate "2021.06.20"]
[EventType "swiss"]
[EventRounds "9"]
[EventCountry "SVK"]
[SourceTitle "EXT 2022"]
[Source "ChessBase"]
[SourceDate "2021.10.06"]
[SourceVersion "1"]
[SourceVersionDate "2021.10.06"]
[SourceQuality "1"]

1. d4 Nf6 2. g3 g6 3. Bg2 d5 4. Nf3 Bg7 5. 0-0 0-0 6. Nbd2 c6 7. Ne5 Ng4 8. Ndf3 Nxe5 9. Nxe5 f6 10. Nf3 e5 11. e3 e4 12. Nd2 Na6 13. a3 Be6 14. c4 Qd7 15. b4 f5 16. c5 g5 17. f4 gxf4 18. gxf4 b6 19. Rb1 Rfb8 20. Nb3 bxc5 21. dxc5 d4 22. exd4 Nc7 23. d5 Nxd5 24. Bb2 Rd8 25. Bxg7 Qxg7 26. Nd4 Ne3 27. Nxe6 Qxg2# 0-1

[Event "SVK-ch Seniors 65"]
[Site "Tatranske Matliare"]
[Date "2021.06.24"]
[Round "6"]
[White "Miklas, Marian"]
[Black "Lanc, Alois"]
[Result "1/2-1/2"]
[WhiteElo "2063"]
[BlackElo "2311"]
[PlyCount "21"]
[EventDate "2021.06.20"]
[EventType "swiss"]
[EventRounds "9"]
[EventCountry "SVK"]
[SourceTitle "EXT 2022"]
[Source "ChessBase"]
[SourceDate "2021.10.06"]
[SourceVersion "1"]
[SourceVersionDate "2021.10.06"]
[SourceQuality "1"]

1. Nf3 c5 2. c4 Nc6 3. Nc3 g6 4. d4 cxd4 5. Nxd4 Bg7 6. Nc2 d6 7. e4 Bxc3+ 8. bxc3 Qa5 9. Bd2 Nf6 10. f3 Ne5 11. Nd4 1/2-1/2

[Event "SVK-chT2C 1920"]
[Site "Slovakia"]
[Date "2020.01.26"]
[Round "7.4"]
[White "Miklas, Marian"]
[Black "Koltanyi, Imre"]
[Result "1-0"]
[WhiteElo "2066"]
[BlackElo "1950"]
[PlyCount "109"]
[EventDate "2019.10.26"]
[EventType "team-tourn"]
[EventRounds "11"]
[EventCountry "SVK"]
[SourceTitle "CBM 194 Extra"]
[Source "ChessBase"]
[SourceDate "2020.03.31"]
[SourceVersion "1"]
[SourceVersionDate "2020.03.31"]
[SourceQuality "1"]
[WhiteTeam "Detva"]
[BlackTeam "Vinica"]
[WhiteTeamCountry "SVK"]
[BlackTeamCountry "SVK"]

1. Nf3 d5 2. c4 c6 3. g3 Nf6 4. Bg2 Nbd7 5. d4 g6 6. 0-0 Bg7 7. cxd5 cxd5 8. Nc3 0-0 9. Qb3 e6 10. Bf4 a6 11. Rac1 Nh5 12. Bd6 Re8 13. Qa3 Bf8 14. Bxf8 Rxf8 15. e4 Ndf6 16. exd5 Nxd5 17. Ne5 Nhf6 18. Nxd5 Nxd5 19. Qb3 Ne7 20. Rfd1 Ra7 21. d5 exd5 22. Bxd5 Nxd5 23. Rxd5 Qe7 24. Qb6 Qe6 25. Qd4 Ra8 26. Rc7 Qf6 27. Nd7 Qxd4 28. Rxd4 Bxd7 29. Rdxd7 b5 30. Ra7 Kg7 31. Rxf7+ Rxf7 32. Rxa8 Rf6 33. Ra7+ Kh6 34. h4 Rc6 35. Kg2 g5 36. hxg5+ Kxg5 37. Rxh7 Rc2 38. Ra7 Rxb2 39. Rxa6 b4 40. Kf3 Kf5 41. Ra5+ Kf6 42. Rb5 Kg6 43. Ke3 Kf6 44. f3 Kg6 45. Kf4 Kf6 46. g4 Kf7 47. Kf5 Rf2 48. Rb7+ Kf8 49. f4 Rxa2 50. Rxb4 Ra5+ 51. Ke4 Kf7 52. Rd4 Ke6 53. g5 Rb5 54. f5+ Rxf5 55. Rd6+ 1-0

[Event "SVK-chT2C 1920"]
[Site "Slovakia"]
[Date "2019.12.14"]
[Round "5.4"]
[White "Klein, Peter"]
[Black "Miklas, Marian"]
[Result "0-1"]
[WhiteElo "1947"]
[BlackElo "2066"]
[PlyCount "74"]
[EventDate "2019.10.26"]
[EventType "team-tourn"]
[EventRounds "11"]
[EventCountry "SVK"]
[SourceTitle "CBM 194 Extra"]
[Source "ChessBase"]
[SourceDate "2020.03.31"]
[SourceVersion "1"]
[SourceVersionDate "2020.03.31"]
[SourceQuality "1"]
[WhiteTeam "Filakovo"]
[BlackTeam "Detva"]
[WhiteTeamCountry "SVK"]
[BlackTeamCountry "SVK"]

1. e4 e6 2. d4 d5 3. Nd2 Nf6 4. e5 Nfd7 5. Bd3 c5 6. c3 Nc6 7. Ne2 cxd4 8. cxd4 f6 9. Nf4 Nxd4 10. Qh5+ Ke7 11. Ng6+ hxg6 12. exf6+ Nxf6 13. Qxh8 Kf7 14. 0-0 e5 15. b3 e4 16. Bb2 Nf5 17. Be2 Qb6 18. Rac1 Bd7 19. Rc2 Re8 20. Bxf6 gxf6 21. Qh7+ Bg7 22. Qh3 Rh8 23. Qc3 Nd4 24. Re1 Nxc2 25. Qxc2 f5 26. b4 Bd4 27. Rf1 Qd6 28. g3 f4 29. Nxe4 dxe4 30. Rd1 Bxf2+ 31. Kxf2 fxg3+ 32. hxg3 Rh2+ 33. Ke3 Qxg3+ 34. Kd4 Qf2+ 35. Kc3 Qe3+ 36. Kb2 Rxe2 37. Rxd7+ Ke6 0-1

[Event "SVK-chT2C 1920"]
[Site "Slovakia"]
[Date "2019.10.27"]
[Round "2.3"]
[White "Miklas, Marian"]
[Black "Macko, Michal"]
[Result "1/2-1/2"]
[WhiteElo "2066"]
[BlackElo "2175"]
[PlyCount "41"]
[EventDate "2019.10.26"]
[EventType "team-tourn"]
[EventRounds "11"]
[EventCountry "SVK"]
[SourceTitle "CBM 193 Extra"]
[Source "ChessBase"]
[SourceDate "2020.01.31"]
[SourceVersion "1"]
[SourceVersionDate "2020.01.31"]
[SourceQuality "1"]
[WhiteTeam "Detva"]
[BlackTeam "Liptov Chess School III"]
[WhiteTeamCountry "SVK"]
[BlackTeamCountry "SVK"]

1. Nf3 c5 2. c4 Nc6 3. g3 g6 4. Bg2 Bg7 5. Nc3 e6 6. 0-0 Nge7 7. e3 0-0 8. d4 cxd4 9. Nxd4 Nxd4 10. exd4 d5 11. cxd5 Nxd5 12. Nxd5 exd5 13. Qb3 Be6 14. Be3 Qd7 15. Rac1 Rfc8 16. Rfe1 b6 17. Bf1 Rxc1 18. Rxc1 Rc8 19. Rc3 Rxc3 20. Qxc3 Qc8 21. Qxc8+ 1/2-1/2

[Event "SVK-ch 65"]
[Site "Tatranske Matliare"]
[Date "2019.06.01"]
[Round "9"]
[White "Miklas, Marian"]
[Black "Miciak, Emanuel"]
[Result "1-0"]
[WhiteElo "2069"]
[BlackElo "1862"]
[PlyCount "75"]
[EventDate "2019.05.25"]
[EventType "swiss"]
[EventRounds "9"]
[EventCountry "SVK"]
[SourceTitle "CBM 190 Extra"]
[Source "ChessBase"]
[SourceDate "2019.07.15"]
[SourceVersion "1"]
[SourceVersionDate "2019.07.15"]
[SourceQuality "1"]

1. Nf3 g6 2. c4 Bg7 3. g3 e5 4. Nc3 Nc6 5. Bg2 Nf6 6. 0-0 0-0 7. d4 exd4 8. Nxd4 Nxd4 9. Qxd4 Re8 10. Qh4 Nh5 11. Qxd8 Rxd8 12. Rd1 Bxc3 13. bxc3 Re8 14. Be3 Ng7 15. Bf3 Nf5 16. Bf4 d6 17. c5 Rb8 18. e4 Ng7 19. cxd6 cxd6 20. Bxd6 Ra8 21. e5 Ne6 22. Rab1 Nd8 23. Re1 Nc6 24. Bd5 Nd8 25. c4 Be6 26. f4 Bf5 27. Rbc1 Be6 28. Rb1 Bf5 29. Rb2 Be6 30. Bxe6 Rxe6 31. c5 f6 32. Kf2 b6 33. exf6 Rxe1 34. Kxe1 Kf7 35. Be5 bxc5 36. Rd2 Kg8 37. Rd7 Nf7 38. Rc7 1-0

[Event "SVK-ch 65"]
[Site "Tatranske Matliare"]
[Date "2019.05.28"]
[Round "5"]
[White "Miklas, Marian"]
[Black "Rezak, Milan"]
[Result "1-0"]
[WhiteElo "2069"]
[BlackElo "1909"]
[PlyCount "49"]
[EventDate "2019.05.25"]
[EventType "swiss"]
[EventRounds "9"]
[EventCountry "SVK"]
[SourceTitle "CBM 190 Extra"]
[Source "ChessBase"]
[SourceDate "2019.07.15"]
[SourceVersion "1"]
[SourceVersionDate "2019.07.15"]
[SourceQuality "1"]

1. Nf3 Nf6 2. c4 g6 3. g3 Bg7 4. Bg2 0-0 5. Nc3 c6 6. e4 d6 7. h3 Nbd7 8. d4 Rb8 9. 0-0 b5 10. cxb5 cxb5 11. b4 a6 12. e5 Ne8 13. Bf4 dxe5 14. dxe5 e6 15. Ne4 Bb7 16. Qe2 Qe7 17. Rad1 Qxb4 18. Nf6+ Bxf6 19. exf6 Rd8 20. Bh6 Nexf6 21. Bxf8 Kxf8 22. Ne5 Nd5 23. Bxd5 Bxd5 24. Rxd5 exd5 25. Nc6 1-0

[Event "SVK-chT2C 1819"]
[Site "Slovakia"]
[Date "2019.03.03"]
[Round "9.3"]
[White "Straka, Jozef1111"]
[Black "Miklas, Marian"]
[Result "1-0"]
[WhiteElo "2298"]
[BlackElo "2068"]
[PlyCount "73"]
[EventDate "2018.10.13"]
[EventType "team-tourn"]
[EventRounds "11"]
[EventCountry "SVK"]
[SourceTitle "CBM 189 Extra"]
[Source "ChessBase"]
[SourceDate "2019.06.03"]
[SourceVersion "1"]
[SourceVersionDate "2019.06.03"]
[SourceQuality "1"]
[WhiteTeam "Cadca Caissa"]
[BlackTeam "Banska Bystrica Kurta"]
[WhiteTeamCountry "SVK"]
[BlackTeamCountry "SVK"]

1. d4 Nf6 2. c4 g6 3. Nc3 Bg7 4. Nf3 0-0 5. Bg5 h6 6. Bh4 c5 7. e3 d6 8. Be2 g5 9. Bg3 Nh5 10. dxc5 Nxg3 11. hxg3 dxc5 12. Qc2 f5 13. 0-0 e6 14. Rad1 Qe7 15. Rd2 Nc6 16. Rfd1 Rd8 17. Rxd8+ Nxd8 18. Ne1 Nf7 19. g4 fxg4 20. Bxg4 Ne5 21. Be2 Bd7 22. Nf3 Nf7 23. Ne4 Bc6 24. Ng3 e5 25. Nf5 Qf6 26. Nh2 e4 27. Nxg7 Kxg7 28. Nf1 Rd8 29. Rxd8 Qxd8 30. Ng3 Qe8 31. Bh5 Qe5 32. Bxf7 Kxf7 33. a3 Ke6 34. b4 b6 35. b5 Bb7 36. Qd1 Qf6 37. Qa4 1-0

[Event "SVK-chT2C 1819"]
[Site "Slovakia"]
[Date "2019.03.02"]
[Round "8.3"]
[White "Miklas, Marian"]
[Black "Kopera, Michal"]
[Result "0-1"]
[WhiteElo "2068"]
[BlackElo "2144"]
[PlyCount "51"]
[EventDate "2018.10.13"]
[EventType "team-tourn"]
[EventRounds "11"]
[EventCountry "SVK"]
[SourceTitle "CBM 189 Extra"]
[Source "ChessBase"]
[SourceDate "2019.06.03"]
[SourceVersion "1"]
[SourceVersionDate "2019.06.03"]
[SourceQuality "1"]
[WhiteTeam "Banska Bystrica Kurta"]
[BlackTeam "Zilina Mladost II"]
[WhiteTeamCountry "SVK"]
[BlackTeamCountry "SVK"]

1. Nf3 Nf6 2. c4 e6 3. g3 d5 4. Bg2 Be7 5. 0-0 0-0 6. d4 dxc4 7. Qc2 c6 8. Qxc4 b5 9. Qc2 Bb7 10. Nc3 Nbd7 11. Bf4 Rc8 12. Rfd1 Qb6 13. e4 Rfd8 14. e5 Nd5 15. Ng5 Nf8 16. Be4 g6 17. Qe2 Nxf4 18. gxf4 Rxd4 19. Rxd4 Qxd4 20. Nxb5 cxb5 21. Bxb7 Rc7 22. Nf3 Qxf4 23. Ba6 b4 24. Rd1 Nd7 25. Bb5 Nb6 26. Rd4 0-1

[Event "SVK-chT2C 1819"]
[Site "Slovakia"]
[Date "2018.11.18"]
[Round "4.3"]
[White "Csolto, Tibor"]
[Black "Miklas, Marian"]
[Result "1/2-1/2"]
[WhiteElo "2089"]
[BlackElo "2053"]
[PlyCount "47"]
[EventDate "2018.10.13"]
[EventType "team-tourn"]
[EventRounds "11"]
[EventCountry "SVK"]
[SourceTitle "CBM 187 Extra"]
[Source "ChessBase"]
[SourceDate "2018.11.04"]
[SourceVersion "1"]
[SourceVersionDate "2018.11.04"]
[SourceQuality "1"]
[WhiteTeam "Jelsava Magnezit"]
[BlackTeam "Banska Bystrica Kurta"]
[WhiteTeamCountry "SVK"]
[BlackTeamCountry "SVK"]

1. e4 e6 2. d4 d5 3. Nd2 Nf6 4. e5 Nfd7 5. Bd3 c5 6. c3 Nc6 7. Ne2 cxd4 8. cxd4 f6 9. exf6 Nxf6 10. 0-0 Bd6 11. Nf3 Qc7 12. Bg5 0-0 13. Bh4 Nh5 14. Qc2 h6 15. Bh7+ Kh8 16. Bg6 Rxf3 17. Bxh5 Rf8 18. f4 Bd7 19. Bg3 Be8 20. Bg4 Bf7 21. Kh1 Bg8 22. Rac1 Rae8 23. Qd2 Qf7 24. a3 1/2-1/2

[Event "SVK-chT2C 1718"]
[Site "Slovakia"]
[Date "2018.02.04"]
[Round "7.4"]
[White "Frink, Ferenc"]
[Black "Miklas, Marian"]
[Result "1/2-1/2"]
[WhiteElo "2106"]
[BlackElo "2063"]
[PlyCount "63"]
[EventDate "2017.10.28"]
[EventType "team-tourn"]
[EventRounds "11"]
[EventCountry "SVK"]
[SourceTitle "EXT 2019"]
[Source "ChessBase"]
[SourceDate "2018.10.10"]
[SourceVersion "1"]
[SourceVersionDate "2018.10.10"]
[SourceQuality "1"]
[WhiteTeam "Filakovo"]
[BlackTeam "Banska Bystrica Kurta"]
[WhiteTeamCountry "SVK"]
[BlackTeamCountry "SVK"]

1. e4 e6 2. a3 d5 3. e5 c5 4. b4 f6 5. bxc5 fxe5 6. Qh5+ g6 7. Qxe5 Nf6 8. Bb2 Bg7 9. Bb5+ Kf7 10. Nc3 a6 11. Ba4 Bd7 12. Nf3 Re8 13. Qd6 Kg8 14. 0-0 Ne4 15. Nxe4 Bxb2 16. Bxd7 Nxd7 17. Neg5 Bxa1 18. Rxa1 Qf6 19. d4 Nf8 20. Rb1 h6 21. Nh3 Rad8 22. Qg3 Re7 23. Ne5 Kh7 24. Nf4 Qf5 25. Nfd3 g5 26. h3 Ng6 27. Nxg6 Qxg6 28. c3 Qf5 29. Rb6 Rf8 30. Ne5 Qe4 31. Ng4 Rf4 32. Kh2 1/2-1/2

[Event "SVK-ch Seniors 50"]
[Site "Tatranske Matliare"]
[Date "2017.05.28"]
[Round "3"]
[White "Miklas, Marian"]
[Black "Krnan, Bronislav"]
[Result "1-0"]
[WhiteElo "2092"]
[BlackElo "1897"]
[PlyCount "137"]
[EventDate "2017.05.27"]
[EventType "swiss"]
[EventRounds "9"]
[EventCountry "SVK"]
[SourceTitle "EXT 2023"]
[Source "ChessBase"]
[SourceDate "2022.10.05"]
[SourceVersion "1"]
[SourceVersionDate "2022.10.05"]
[SourceQuality "1"]

1. c4 c5 2. Nc3 Nc6 3. g3 Nf6 4. Bg2 e6 5. e4 d6 6. Nge2 Be7 7. 0-0 0-0 8. h3 a6 9. d4 cxd4 10. Nxd4 Ne5 11. b3 Qa5 12. Bb2 Qc5 13. Kh2 Rb8 14. Rc1 Bd7 15. f4 Nc6 16. Nxc6 Bxc6 17. Nd5 Bxd5 18. cxd5 Qb5 19. dxe6 fxe6 20. e5 dxe5 21. Bxe5 Rbd8 22. Qf3 Nd5 23. Rfd1 Bf6 24. Qe4 Bxe5 25. Qxe5 Rfe8 26. f5 Nb4 27. Qxb5 axb5 28. fxe6 Rxd1 29. Rxd1 Kf8 30. Rd6 Ke7 31. Rb6 Nxa2 32. Rxb5 Kxe6 33. Rxb7 Re7 34. Bd5+ Kd6 35. Rxe7 Kxe7 36. Kg2 Kd6 37. Bg8 h6 38. Kf3 Ke5 39. Ke3 Nb4 40. Bh7 Nc6 41. Be4 Nb4 42. h4 Na6 43. Bf3 Nc7 44. Bb7 g5 45. hxg5 hxg5 46. Bc8 Kd5 47. Bb7+ Ke5 48. Be4 Na6 49. Bd3 Nb4 50. Bb5 Kd5 51. Be2 Na2 52. Bf3+ Ke5 53. Kd3 Nb4+ 54. Kc3 Na6 55. Kc4 Kd6 56. b4 Nb8 57. b5 Nd7 58. Kd4 Nb6 59. Bg4 Nd5 60. Bc8 Nb6 61. Bb7 Nd7 62. Bc6 Nb6 63. Bf3 Nd7 64. Bg4 Nb6 65. Ke4 Nd5 66. Kf5 Ne3+ 67. Kxg5 Nf1 68. Kf4 Kc5 69. Bd7 1-0

[Event "SVK-chT2C 1617"]
[Site "Slovakia"]
[Date "2017.03.12"]
[Round "11.3"]
[White "Miklas, Marian"]
[Black "Motycakova, Monika"]
[Result "0-1"]
[WhiteElo "2075"]
[BlackElo "2113"]
[PlyCount "56"]
[EventDate "2016.10.08"]
[EventType "team-tourn"]
[EventRounds "11"]
[EventCountry "SVK"]
[SourceTitle "EXT 2018"]
[Source "ChessBase"]
[SourceDate "2017.10.13"]
[SourceVersion "1"]
[SourceVersionDate "2017.10.13"]
[SourceQuality "1"]
[WhiteTeam "Banska Bystrica Kurta"]
[BlackTeam "Liptov Chess School III"]
[WhiteTeamCountry "SVK"]
[BlackTeamCountry "SVK"]

1. Nf3 d5 2. c4 d4 3. e3 Nc6 4. exd4 Nxd4 5. Nxd4 Qxd4 6. d3 Nh6 7. Nc3 Nf5 8. Be2 e5 9. 0-0 Be7 10. g4 Nh4 11. Nd5 Bd8 12. Rb1 Qc5 13. Be3 Qd6 14. d4 e4 15. Bf4 Qg6 16. Bxc7 Bxg4 17. Bxg4 h5 18. Bg3 hxg4 19. Bxh4 Rxh4 20. Qa4+ Kf8 21. Qa3+ Kg8 22. Ne7+ Bxe7 23. Qxe7 Qh6 24. Qxe4 g3 25. Qxb7 gxf2+ 26. Kxf2 Qd2+ 27. Kf3 Qf4+ 28. Ke2 Re8+ 0-1

[Event "SVK-chT1W 1516"]
[Site "Slovakia"]
[Date "2016.03.20"]
[Round "11.5"]
[White "Kosar, Mikulas"]
[Black "Miklas, Marian"]
[Result "1-0"]
[WhiteElo "1823"]
[BlackElo "2092"]
[PlyCount "85"]
[EventDate "2015.10.24"]
[EventType "team-tourn"]
[EventRounds "11"]
[EventCountry "SVK"]
[SourceTitle "EXT 2017"]
[Source "ChessBase"]
[SourceDate "2016.10.25"]
[SourceVersion "1"]
[SourceVersionDate "2016.10.25"]
[SourceQuality "1"]
[WhiteTeam "Gabcikovo"]
[BlackTeam "Trnava Lokomotiva"]
[WhiteTeamCountry "SVK"]
[BlackTeamCountry "SVK"]

1. d4 Nf6 2. Nf3 g6 3. Bf4 Bg7 4. e3 0-0 5. Be2 d6 6. Nbd2 Nc6 7. c3 Nh5 8. Bg5 h6 9. Bh4 g5 10. Bg3 Nxg3 11. hxg3 e5 12. Qc2 exd4 13. exd4 Re8 14. Qd3 Ne7 15. 0-0-0 Bf5 16. Qc4 c6 17. Qb3 b5 18. g4 Bg6 19. Ne1 Nd5 20. Bf3 Nf4 21. g3 Ne2+ 22. Bxe2 Rxe2 23. f4 Be4 24. Nxe4 Rxe4 25. Rf1 Qf6 26. Ng2 Rae8 27. Rd2 d5 28. Qd1 Bf8 29. fxg5 Qxg5 30. Qf3 Bd6 31. Qxf7+ Kh8 32. Nh4 Rg8 33. Rf5 Rg7 34. Rxg5 Rxf7 35. Rg6 Bxg3 36. Rxh6+ Kg8 37. Kc2 Rxg4 38. Rg2 Rf2+ 39. Rxf2 Bxf2 40. Nf5 Rf4 41. Ne7+ Kf7 42. Nxc6 Rf6 43. Ne5+ 1-0

[Event "SVK-chT2C 1516"]
[Site "Slovakia"]
[Date "2016.03.12"]
[Round "10.3"]
[White "Miklas, Marian"]
[Black "Blumelova, Zdenka"]
[Result "1-0"]
[WhiteElo "2122"]
[BlackElo "1967"]
[PlyCount "59"]
[EventDate "2015.10.17"]
[EventType "team-tourn"]
[EventRounds "11"]
[EventCountry "SVK"]
[SourceTitle "EXT 2017"]
[Source "ChessBase"]
[SourceDate "2016.10.25"]
[SourceVersion "1"]
[SourceVersionDate "2016.10.25"]
[SourceQuality "1"]
[WhiteTeam "Banska Bystrica Kurta"]
[BlackTeam "Rajecke Teplice"]
[WhiteTeamCountry "SVK"]
[BlackTeamCountry "SVK"]

1. Nf3 g6 2. c4 Bg7 3. g3 b6 4. Bg2 Bb7 5. Nc3 e6 6. 0-0 Ne7 7. d4 0-0 8. e4 d6 9. Be3 c5 10. Qd2 Nbc6 11. Rad1 e5 12. dxc5 dxc5 13. Nd5 Nd4 14. Bh6 Nxf3+ 15. Bxf3 Nc6 16. Bxg7 Kxg7 17. Bg2 Nd4 18. f4 exf4 19. gxf4 f5 20. e5 Qh4 21. Qe3 Rad8 22. Rxd4 cxd4 23. Qxd4 Kf7 24. e6+ Ke8 25. Nc7+ Ke7 26. Qg7+ Kd6 27. Qe5+ Ke7 28. Bxb7 Rd2 29. Nd5+ Kd8 30. Qb8# 1-0

[Event "SVK-chT2C 1516"]
[Site "Slovakia"]
[Date "2015.12.06"]
[Round "6.3"]
[White "Miklas, Marian"]
[Black "Balazs, Attila"]
[Result "1/2-1/2"]
[WhiteElo "2122"]
[BlackElo "2046"]
[PlyCount "54"]
[EventDate "2015.10.17"]
[EventType "team-tourn"]
[EventRounds "11"]
[EventCountry "SVK"]
[SourceTitle "CBM 169 Extra"]
[Source "ChessBase"]
[SourceDate "2015.12.18"]
[SourceVersion "1"]
[SourceVersionDate "2015.12.18"]
[SourceQuality "1"]
[WhiteTeam "Banska Bystrica Kurta"]
[BlackTeam "Filakovo"]
[WhiteTeamCountry "SVK"]
[BlackTeamCountry "SVK"]

1. c4 e5 2. Nc3 Nc6 3. g3 g6 4. Bg2 Bg7 5. Nf3 d6 6. d3 Nf6 7. 0-0 0-0 8. Rb1 Be6 9. b4 Qc8 10. b5 Nd8 11. Re1 c6 12. bxc6 Nxc6 13. Qb3 Rb8 14. Nd5 b5 15. Bg5 Bxd5 16. cxd5 Ne7 17. e4 h6 18. Bd2 Qa6 19. d4 exd4 20. Nxd4 Nd7 21. Be3 Nc5 22. Qc2 Rfc8 23. Qd2 Kh7 24. Nb3 Na4 25. Bd4 Ng8 26. Bxg7 Kxg7 27. Nd4 Nf6 1/2-1/2

[Event "SVK-chT2C 1516"]
[Site "Slovakia"]
[Date "2015.11.08"]
[Round "4.2"]
[White "Magat, Jozef"]
[Black "Miklas, Marian"]
[Result "1/2-1/2"]
[WhiteElo "2090"]
[BlackElo "2122"]
[PlyCount "112"]
[EventDate "2015.10.17"]
[EventType "team-tourn"]
[EventRounds "11"]
[EventCountry "SVK"]
[SourceTitle "CBM 169 Extra"]
[Source "ChessBase"]
[SourceDate "2015.12.18"]
[SourceVersion "1"]
[SourceVersionDate "2015.12.18"]
[SourceQuality "1"]
[WhiteTeam "Dunajov Inbest II"]
[BlackTeam "Banska Bystrica Kurta"]
[WhiteTeamCountry "SVK"]
[BlackTeamCountry "SVK"]

1. d4 Nf6 2. c4 g6 3. Nf3 Bg7 4. Nc3 0-0 5. g3 d5 6. cxd5 Nxd5 7. Bg2 c5 8. 0-0 cxd4 9. Nxd4 Nxc3 10. bxc3 Qa5 11. Qb3 Nc6 12. Bxc6 bxc6 13. Nxc6 Qxc3 14. Nxe7+ Kh8 15. Bh6 Qxb3 16. Bxg7+ Kxg7 17. axb3 Be6 18. Nc6 Bxb3 19. Rxa7 Rxa7 20. Nxa7 Rd8 21. Rb1 Rd1+ 22. Rxd1 Bxd1 23. Kf1 Ba4 24. Nc8 Kf6 25. Nb6 Bb3 26. Nd7+ Ke7 27. Nc5 Bc4 28. f3 f5 29. Kf2 Kd6 30. Nd3 g5 31. h4 h6 32. hxg5 hxg5 33. Ke3 Kd5 34. Kd2 Kd4 35. e3+ Kd5 36. Nf2 Ba6 37. Nd3 Bb5 38. Kc3 Bc4 39. Kd2 Bb5 40. Nf2 Ba6 41. e4+ Ke5 42. exf5 Kxf5 43. Ke3 Bb7 44. Ne4 Ba6 45. Nc5 Bb5 46. Nb3 Ba6 47. Nd4+ Ke5 48. Nc6+ Kd6 49. Nb4 Bb7 50. Nc2 Ke5 51. Nd4 Ba6 52. Ne2 Bb7 53. Nc3 Ba6 54. Ne4 Kf5 55. Nc5 Bb5 56. Ne4 Ba6 1/2-1/2